| 000 | 00979cam a2200157ua 4500 | ||
|---|---|---|---|
| 041 |
_aeng _h |
||
| 082 |
_a624.121 _bIND/CO |
||
| 110 | 1 |
_aIndian standards institution . _bISI _c() |
|
| 245 |
_aCode of practice for in SITU determination of rock properties by flat jack 7292-1974 / _cIndian standards institution. _hTextual Documents |
||
| 250 |
_a1 / _b. |
||
| 260 |
_aNew Delhi : _bIndian standards institution , _c1983. |
||
| 300 | _a15 ; . | ||
| 504 | _a | ||
| 942 | _cBK | ||
| 999 |
_c11010 _d11010 |
||